Canadian Geography by Letter - W, Y, Z - Statistics

General Stats
  • This quiz has been taken 13 times
    6 since last reset
  • The average score is 10 of 15
Answer Stats
Hint Answer % Correct
City in Ontario which shares its name with the site of Napoleon's defeat Waterloo
100%
Highest elevation in Nova Scotia, located in the Cape Breton Highlands {White} Hill
100%
Capital of the above territory. City with the least air pollution in the world Whitehorse
100%
Southernmost city in Canada, located on the US border across from Detroit Windsor
100%
Capital of Northwest Territories, named after tools made from copper deposits Yellowknife
100%
Canada's smallest territory and second longest river Yukon
100%
Lake and capital of Manitoba. Known as "Gateway to the West" Winnipeg
80%
City in Ontario which shares its name with a famous music festival Woodstock
80%
National park in British Columbia which sounds like a pirate song {Yoho} National Park
60%
Little brother to the previous lake. Still 11th largest in Canada Lake {Winnipegosis}
40%
Town in Ontario famous for its groundhog Willie Wiarton
40%
Tallest mountain in British Columbia, part of the Coast range Mount {Waddington}
20%
National park in Alberta which shares a border with Glacier National Park in the US {Waterton} Lakes National Park
20%
Small city in Manitoba named after an entrepreneur and politician Winkler
20%
Village on Vancouver Island devastated by the Good Friday Tsunami of 1964 Zeballos
20%
No matching quizzes found
Score Distribution
Percent of People with Each Score
Percentile by Number Answered
Your Score History
You have not taken this quiz since the last reset